Normal view MARC view
  • Harif & Mukherjee

Entry Personal Name

Number of records used in: 2

001 - CONTROL NUMBER

  • control field: 1189

003 - CONTROL NUMBER IDENTIFIER

  • control field: OSt

005 - DATE AND TIME OF LATEST TRANSACTION

  • control field: 20160525094004.0

008 - FIXED-LENGTH DATA ELEMENTS

  • fixed length control field: 160525|| aca||aabn | a|a d

040 ## - CATALOGING SOURCE

  • Original cataloging agency: OSt
  • Transcribing agency: OSt

100 ## - HEADING--PERSONAL NAME

  • Personal name: Harif & Mukherjee

670 ## - SOURCE DATA FOUND

  • Source citation: Work cat.: (OSt): Harif & Mukherjee, Modern Accountincy (Vol-2)